Handbook of proteolytic enzymes vol.3 (Record no. 118729)

MARC details
000 -LEADER
fixed length control field 00800cam a2200253 i 4500
008 - FIXED-LENGTH DATA ELEMENTS--GENERAL INFORMATION
fixed length control field
020 ## - INTERNATIONAL STANDARD BOOK NUMBER
International Standard Book Number 9780124077423 (hbk.)
049 ## - LOCAL HOLDINGS (OCLC)
Holding library MAIN
090 ## - LOCALLY ASSIGNED LC-TYPE CALL NUMBER (OCLC); LOCAL CALL NUMBER (RLIN)
Classification number (OCLC) (R) ; Classification number, CALL (RLIN) (NR) QP609.P78
Local cutter number (OCLC) ; Book number/undivided call number, CALL (RLIN) HAN
003 - CONTROL NUMBER IDENTIFIER
control field
005 - DATE AND TIME OF LATEST TRANSACTION
control field 20230120204204.0
040 ## - CATALOGING SOURCE
Transcribing agency NUST
245 00 - TITLE STATEMENT
Title Handbook of proteolytic enzymes vol.3
Statement of responsibility, etc. edited by Neil D Rawlings and Guy Salvesen.
250 ## - EDITION STATEMENT
Edition statement 3rd ed.
260 #1 - PUBLICATION, DISTRIBUTION, ETC.
Place of publication, distribution, etc. Amsterdam :
Name of publisher, distributor, etc. Elsevier/AP,
Date of publication, distribution, etc. 2013.
300 ## - PHYSICAL DESCRIPTION
Extent liv, 2491-3932 p. :
Other physical details ill. (chiefly color) :
Dimensions 29 cm
500 ## - GENERAL NOTE
General note Includes index.
504 ## - BIBLIOGRAPHY, ETC. NOTE
Bibliography, etc. note Includes bibliographical references.
650 #0 - SUBJECT ADDED ENTRY--TOPICAL TERM
Topical term or geographic name entry element Proteolytic enzymes
Form subdivision Handbooks, manuals, etc.
700 1# - ADDED ENTRY--PERSONAL NAME
Personal name Rawlings, Neil D.
700 1# - ADDED ENTRY--PERSONAL NAME
Personal name Salvesen, G.
907 ## - LOCAL DATA ELEMENT G, LDG (RLIN)
a .b10364055
b 28-10-15
c 28-10-15
942 ## - ADDED ENTRY ELEMENTS (KOHA)
Koha item type Ordinary Loan Books
Call number prefix QP609.P78
Call number suffix HAN
Holdings
Date last seen Total Checkouts Full call number Barcode Cost, replacement price Price effective from Koha item type Lost status Source of classification or shelving scheme Damaged status Not for loan Collection Withdrawn status Home library Current library Shelving location Date acquired Cost, normal purchase price
01/20/2023   QP609.P78 HAN 92004041314 80.00 01/20/2023 BOOKS   LCC     NFIC   MEDICAL MEDICAL GEN 01/20/2023 80.00